It looks like you're offline.
Open Library logo
additional options menu

MARC record from Internet Archive

LEADER: 01183cam 2200277Ia 4500
001 4924712
005 20071102115655.0
008 771201s1859 nyuaf 000 0 eng
010 $a 26022779
035 $a(OCoLC)3457050
035 $a4924712
040 $aDLC$cHRM$dSER$dSYB$dNIC
050 0 $aN7445$b.R9 1859a
100 1 $aRuskin, John,$d1819-1900.
245 14 $aThe two paths :$bbeing lectures on art, and its application to decoration and manufacture, delivered in 1858-9 /$cby John Ruskin.
260 $aNew York :$bJ. Wiley,$c1859.
300 $a217 p., [2] leaves of plates :$bill. ;$c21 cm.
505 0 $aI. The deteriorative power of conventional art over nations -- II. The unity of art -- III. Modern manufacture and design -- IV. The influence of imagination in architecture -- V. The work of iron, in nature, art, and policy -- Appendices.
650 0 $aDecorative arts.
650 0 $aArt.
650 0 $aDecoration and ornament.
903 $aKirtas$d20071102$p31924030650059
947 $lolin$aN7445.R95$bT9 1859a$c1$y31924030650059
948 2 $a20031202$bx$dbatch$ects
948 3 $a20031202$hrecon1$iedx.mars.coo.ftp.v03m11.cc.bib
995 $aHivolm$d20070417